000 01106nam a22003137a 4500
003 CHAP
005 20220329135804.0
008 971013s1971 r 00010 d
010 _a42180
011 _a43152
035 _a47288
040 _cCHAP
082 _a352.072
_bM47 1970
110 _aMéxico. Dirección General de Estadística
_976986
245 _aDivisión municipal de las entidades federativas
_b: diciembre de 1970
260 _aMéxico, D.F. :
_bLa Dirección,
_c1971
300 _a161 p
590 _aBATCH-UPD
_b10
_c20130110
_lUCH01
_h0139
590 _aBATCH-UPD
_b10
_c20130110
_lUCH01
_h2200
590 _aBATCH-UPD
_b10
_c20130410
_lUCH01
_h1508
590 _aBATCH-UPD
_b10
_c20130914
_lUCH01
_h0944
590 _aCONVERSION
_b10
_c20130109
_lUCH01
_h1323
650 1 4 _aCiudades y pueblos
_xAguascalientes.
_923508
650 1 4 _aMéxico
_xDivisiones administrativas y políticas.
_976741
901 _aBK
942 _cLIBRO
949 _a352.072 M47 1970
_bBC
_cC
_d33724000122164
_eC
_h16794
_i47288
_mD
_si
949 _a352.072 M47 1970
_bBC
_cC
_d33724000122172
_eC
_fc.2
_h39930
_i47288
_mD
_si
999 _c42180
_d42180